George's marvellous medicine / (Record no. 4565)

MARC details
000 -LEADER
fixed length control field 00982nam a22003017a 4500
001 - CONTROL NUMBER
control field 4565
003 - CONTROL NUMBER IDENTIFIER
control field FISKH
005 - DATE AND TIME OF LATEST TRANSACTION
control field 20240917085950.0
008 - FIXED-LENGTH DATA ELEMENTS--GENERAL INFORMATION
fixed length control field 240917b cb ||||| |||| 00| 0 eng d
020 ## - INTERNATIONAL STANDARD BOOK NUMBER
International Standard Book Number 9780141346403
040 ## - CATALOGING SOURCE
Original cataloging agency FISKH
Language of cataloging eng
Transcribing agency FISKH
Modifying agency FISKH
050 ## - LIBRARY OF CONGRESS CALL NUMBER
Classification number PZ7.D1515
082 ## - DEWEY DECIMAL CLASSIFICATION NUMBER
Edition number 823.914
100 ## - MAIN ENTRY--PERSONAL NAME
Personal name Dahl, Roald
Dates associated with a name (1916–1990)
245 ## - TITLE STATEMENT
Title George's marvellous medicine /
Statement of responsibility, etc. Roald Dahl illustrated by Quentin Blake
250 ## - EDITION STATEMENT
Edition statement This edition published in 2013
260 ## - PUBLICATION, DISTRIBUTION, ETC.
Place of publication, distribution, etc. London :
Name of publisher, distributor, etc. Puffin,
Date of publication, distribution, etc. 1981.
300 ## - PHYSICAL DESCRIPTION
Extent 122 pages :
Other physical details illustrations ;
Dimensions 20cm
505 ## - FORMATTED CONTENTS NOTE
Formatted contents note P<br/>
520 ## - SUMMARY, ETC.
Summary, etc. George decides that his grumpy, selfish old grandmother must be a witch and concocts some marvelous medicine to take care of her.
521 8# - TARGET AUDIENCE NOTE
Target audience note 640L<br/>
Source Lexile<br/>
521 8# - TARGET AUDIENCE NOTE
Target audience note P<br/>
Source Raz-Plus<br/>
650 ## - SUBJECT ADDED ENTRY--TOPICAL TERM
Source of heading or term Magic
Topical term or geographic name entry element Humor
Form subdivision Fantasy
650 ## - SUBJECT ADDED ENTRY--TOPICAL TERM
Source of heading or term Medicine
Topical term or geographic name entry element Children's fiction
Form subdivision Grandmothers
700 ## - ADDED ENTRY--PERSONAL NAME
Personal name Blake, Quentin
Dates associated with a name Illustrator
942 ## - ADDED ENTRY ELEMENTS (KOHA)
Source of classification or shelving scheme Dewey Decimal Classification
Koha item type Books
Suppress in OPAC No
Holdings
Withdrawn status Lost status Source of classification or shelving scheme Damaged status Not for loan Collection Home library Current library Shelving location Date acquired Total Checkouts Full call number Barcode Date last seen Date last checked out Copy number Price effective from Koha item type
    Dewey Decimal Classification     Fiction Footprints International School Library Network Toul Kork Campus Footprints International School Library Network Toul Kork Campus TTP Primary Yellow Bookshelves 09/17/2024 1 DAH 823.914 PZ7.D1515 2024-1974 05/30/2025 05/09/2025 1 09/17/2024 Books